Quiz planètes star wars par épisodes - Statistiques

Statistiques générales
  • Ce quiz a été pris 289 fois
  • Le résultat moyen est 23 sur 34
Statistiques - réponses
Hint Réponse % Correct
Episode IV Tatooine
96%
Episode VI Tatooine
96%
Tatooine
96%
Tatooine
96%
Tatooine
96%
Episode I Naboo
92%
Naboo
92%
Naboo
92%
Coruscant
91%
Episode II Coruscant
91%
Episode III Coruscant
91%
Endor
90%
Episode V Hoth
84%
Mustafar
83%
Geonosis
78%
Kamino
74%
Dagobah
73%
Dagobah
73%
Yavin 4
72%
Bespin
71%
Episode VII Jakku
67%
Alderaan
64%
Alderaan
64%
Etoile de la mort
58%
Etoile Noire
53%
Utapau
52%
Felucia
44%
Kashyyyk
44%
Starkiller
40%
Takodana
35%
Mygeeto
24%
D'Qar
21%
Ahch-To
16%
Dantooine
14%
Aucun quiz correspondant
Distribution des résultats
% des personnes avec chaque résultat
Percentile par nombre de réponses
Votre historique - résultats
Vous n’avez pas pris ce quiz